000 00628nam a2200193Ia 4500
003 OSt
005 20250925144218.0
008 220926b |||||||| |||| 00| 0 eng d
037 _cReference
040 _aRTL
_cRTL
_beng
041 _2eng
_aeng
084 _aRoaC, J9/SC
_qRTL
100 _aHeisenberg, Werner.
_9371084
245 0 _aPhysics and philosophy: the revolution in modern science
_b
260 _aLondon
_bGeorge Allen and Unwind Ltd.
_c1958
300 _a176 p.
_ccm.
_bIncludes bibliographical references and index.
942 _hR0aC, J9/SC
_cREF
_2CC
_n0
999 _c691325
_d691325